Construction sand in the Tatau area Bintulu division Sarawak : RAK (D13) (Record no. 1262)

000 -LEADER
fixed length control field 00455nam a2200133 4500
008 - FIXED-LENGTH DATA ELEMENTS--GENERAL INFORMATION
fixed length control field 170404t2009 my 000 0 eng
082 ## - DEWEY DECIMAL CLASSIFICATION NUMBER
Classification number 553.615952271 REN
100 ## - MAIN ENTRY--PERSONAL NAME
Numeration Rengga Anak Gendang,Che Abdul Rahman b Jaafar
245 ## - TITLE STATEMENT
Title Construction sand in the Tatau area Bintulu division Sarawak : RAK (D13)
250 ## - EDITION STATEMENT
Edition statement JMG.SWK (MPI) 1/2009
260 ## - PUBLICATION, DISTRIBUTION, ETC.
Place of publication, distribution, etc. Kuala Lumpur
Name of publisher, distributor, etc. Jabatan Mineral Dan Geosains Malaysia
Date of publication, distribution, etc. 2009
300 ## - PHYSICAL DESCRIPTION
Extent ill;62p. 29.8 cm
942 ## - ADDED ENTRY ELEMENTS (KOHA)
Source of classification or shelving scheme
Holdings
Withdrawn status Lost status Source of classification or shelving scheme Damaged status Not for loan Permanent Location Current Location Shelving location Date acquired Cost, normal purchase price Total Checkouts Full call number Date last seen Copy number Price effective from Koha item type
Available         BPT BPT Field Report 04/04/2017 50.00   553.615952271 REN 04/04/2017 1 04/04/2017 Reports
Available         BPT BPT Field Report 04/04/2017 50.00   553.615952271 REN 04/04/2017 2 04/04/2017 Reports